000 00574nam a22002177a 4500
003 UA-OsUOA
001 123635
007 ta
008 20170627b un ||||| |||| 00| 0 ukr d
100 _aІларіон
090 _a908
_bИ99
942 _cBKA
040 _aUA-OsUOA
_bukr
_cUA-OsUOA
_dUA-OsUOA
245 _aПреподобний чудотворець Федір Острозький
300 _aС. 36
955 _a1
041 _aukr
080 _a908
773 0 _w57701
_tСпадщина
_dОстрог
_d1994
650 7 _a908 Краєзнавство
_2UDC
999 _c410794
_d410794